[Event "FIDE GP"]
[Site "Astrakhan RUS"]
[Date "2010.05.22"]
[Round "11"]
[White "Ponomariov, R."]
[Black "Gashimov, V."]
[Result "1-0"]
[WhiteElo "2733"]
[BlackElo "2734"]
[PlyCount "93"]
[EventDate "2010.05.10"]

1. d4 Nf6 2. c4 e6 3. Nf3 c5 4. g3 cxd4 5. Nxd4 Bb4+ 6. Nc3 Ne4 7. Qd3 Nxc3 8.
bxc3 Be7 9. Bf4 d6 10. Nb5 e5 11. c5 exf4 12. cxd6 O-O 13. dxe7 Qxe7 14. Bg2
Rd8 15. Nd4 Qc7 16. O-O fxg3 17. hxg3 Nc6 18. Rab1 Bd7 19. Rfd1 Na5 20. Be4 g6
21. Qf3 Bc6 22. Nxc6 Rxd1+ 23. Rxd1 Nxc6 24. Bd5 Re8 25. c4 Qe7 26. Kg2 h5 27.
Rd3 Kg7 28. Qf4 Rf8 29. Re3 Qd7 30. a3 Qd8 31. Rb3 Qd7 32. e4 Qe7 33. Qd2 Kh7
34. Qb2 Nd8 35. Rf3 Nc6 36. e5 a5 37. e6 f5 38. Qb6 Re8 39. Re3 Rc8 40. Rd3 Kg8
41. Qe3 g5 42. Bxc6 bxc6 43. Rd7 Qf6 44. Rf7 Qg6 45. Qe5 f4 46. Rf5 f3+ 47. Kh2
1-0

[Event "VIII World's Youth Stars"]
[Site "Kirishi RUS"]
[Date "2010.05.12"]
[Round "4"]
[White "Sethuraman, S."]
[Black "Bajarani, U."]
[Result "1-0"]
[WhiteElo "2493"]
[BlackElo "2422"]
[PlyCount "61"]
[EventDate "2010.05.09"]

1. e4 e6 2. d4 d5 3. Nc3 Nf6 4. e5 Nfd7 5. f4 c5 6. Nf3 Nc6 7. Be3 Be7 8. Qd2
O-O 9. Be2 a6 10. O-O b5 11. a3 Qb6 12. Nd1 Bb7 13. c3 Na5 14. Qe1 Qc7 15. Bd3
f5 16. exf6 Bxf6 17. Nf2 Nc4 18. Ng4 Nxb2 19. Bxh7+ Kxh7 20. Qb1+ Kg8 21. Qg6
Qd8 22. Ng5 Bxg5 23. fxg5 Qe7 24. Nh6+ Kh8 25. Nf7+ Kg8 26. Qh5 Rxf7 27. Rxf7
Qxf7 28. g6 Qf5 29. Qh7+ Kf8 30. Rf1 Qxf1+ 31. Kxf1 1-0

[Event "TCh-ISR"]
[Site "Israel ISR"]
[Date "2010.05.07"]
[Round "9"]
[White "Avrukh, B."]
[Black "Popilski, G."]
[Result "0-1"]
[WhiteElo "2656"]
[BlackElo "2449"]
[PlyCount "102"]
[EventDate "2010.01.29"]

1. d4 Nf6 2. c4 g6 3. Nc3 d5 4. Bg5 Ne4 5. Bh4 Nxc3 6. bxc3 dxc4 7. e3 Be6 8.
Be2 Nd7 9. Nf3 Nb6 10. O-O Bg7 11. a4 a5 12. Qc2 O-O 13. Rfb1 Qe8 14. Nd2 Bd7
15. Nxc4 Bxa4 16. Qa2 Nd5 17. Qa3 b5 18. Bf3 Qc6 19. Nb2 Bc2 20. c4 b4 21. Qa2
Nc3 22. Bxc6 Nxa2 23. Re1 b3 24. Bxe7 Rfe8 25. Ba3 a4 26. Kf1 Reb8 27. Bxa8
Rxa8 28. Ke2 c5 29. Kd2 cxd4 30. exd4 Bxd4 31. Re7 Bc3+ 32. Ke3 Bf6 33. Rd7
Re8+ 34. Kf3 Nc3 35. h4 Be4+ 36. Kg3 Be5+ 37. f4 Ne2+ 38. Kf2 Nxf4 39. Re1 Bc6
40. Rd2 f6 41. g4 h5 42. gxh5 gxh5 43. c5 Bb5 44. Re3 Kf7 45. c6 Rc8 46. Rd7+
Kg6 47. Bd6 Bxc6 48. Bxe5 Bxd7 49. Bxf4 Rc2+ 50. Re2 Rxe2+ 51. Kxe2 a3 0-1

[Event "ch-UKR"]
[Site "Alushta UKR"]
[Date "2010.05.09"]
[Round "7"]
[White "Jakimov, V."]
[Black "Kovalev, De"]
[Result "1-0"]
[WhiteElo "2476"]
[BlackElo "2460"]
[PlyCount "69"]
[EventDate "2010.05.03"]

1. e4 c6 2. d4 d5 3. e5 Bf5 4. Bd3 Bxd3 5. Qxd3 e6 6. Ne2 Qa5+ 7. Nbc3 Qa6 8.
Qg3 Ne7 9. Bg5 Nf5 10. Qh3 Nd7 11. O-O Be7 12. Bxe7 Nxe7 13. a4 Qb6 14. a5 Qd8
15. Nd1 O-O 16. Ne3 c5 17. c3 cxd4 18. cxd4 Nb8 19. f4 Nbc6 20. Ra3 Nxa5 21. f5
exf5 22. Nxf5 Nxf5 23. Rxf5 Nc4 24. Rh5 h6 25. Rg3 Qa5 26. Kf2 f6 27. e6 Nd2
28. Rxg7+ Kxg7 29. Qg4+ Kh7 30. Qf5+ Kg7 31. Nf4 Ne4+ 32. Kf3 Ng5+ 33. Kg4 Rg8
34. Rxg5+ fxg5 35. Qg6+ 1-0

[Event "4th ACP World Rapid Cup"]
[Site "Odessa UKR"]
[Date "2010.05.28"]
[Round "2.1"]
[White "Grischuk, A."]
[Black "Movsesian, S."]
[Result "1-0"]
[WhiteElo "2760"]
[BlackElo "2717"]
[PlyCount "127"]
[EventDate "2010.05.27"]

1. d4 d5 2. c4 c6 3. Nf3 Nf6 4. Nc3 a6 5. c5 Bf5 6. Bf4 Nbd7 7. e3 e6 8. Nd2
Be7 9. Be2 Bg6 10. O-O O-O 11. b4 Qc8 12. a4 b6 13. cxb6 Nxb6 14. a5 Nbd7 15.
Qa4 Qb7 16. Na2 Nh5 17. Rfc1 Nxf4 18. exf4 Rfc8 19. Rc3 Rc7 20. Rac1 Rac8 21.
Nb3 h6 22. Bd1 Be4 23. g3 g5 24. Nc5 Nxc5 25. bxc5 Qb2 26. Rb3 Qd2 27. Qb4 Qxa2
28. Rb2 Qxb2 29. Qxb2 gxf4 30. Be2 fxg3 31. hxg3 Ra8 32. Rc3 Rcc8 33. Rb3 Bd8
34. Rb6 Kg7 35. Qb4 h5 36. f3 Bf5 37. Rxa6 Rab8 38. Rb6 Bc7 39. Kf2 h4 40. gxh4
Rh8 41. Qd2 Rbg8 42. Qg5+ Bg6 43. a6 Bd8 44. Qf4 Rxh4 45. Qd6 Bf6 46. Rb4 Rgh8
47. a7 Rh2+ 48. Qxh2 Rxh2+ 49. Kg3 Rxe2 50. a8=Q Rd2 51. Qxc6 Bxd4 52. Rxd4
Rxd4 53. Qd7 Bd3 54. c6 Bb5 55. Qd6 Rc4 56. c7 Rc2 57. f4 Rc3+ 58. Kf2 Rc2+ 59.
Ke3 Rc3+ 60. Kd2 Rc4 61. Qe5+ Kh7 62. Qh5+ Kg7 63. Qg5+ Kh7 64. f5 1-0

[Event "2nd SCS Open"]
[Site "Bhubaneswar IND"]
[Date "2010.05.26"]
[Round "7"]
[White "Kravtsiv, M."]
[Black "Kokarev, Dm"]
[Result "1-0"]
[WhiteElo "2546"]
[BlackElo "2612"]
[PlyCount "69"]
[EventDate "2010.05.22"]

1. e4 c5 2. Nf3 d6 3. d4 cxd4 4. Nxd4 Nf6 5. Nc3 a6 6. Bg5 e6 7. f4 Nbd7 8. Qf3
Qc7 9. O-O-O b5 10. e5 Bb7 11. Qh3 dxe5 12. Nxe6 fxe6 13. Qxe6+ Be7 14. Nxb5
axb5 15. Bxb5 Be4 16. c3 O-O-O 17. Rhe1 Rhe8 18. Rxe4 Nxe4 19. Bxe7 Nxc3 20.
Qa6+ Qb7 21. Rxd7 Nxa2+ 22. Kb1 Qxa6 23. Rxd8+ Kc7 24. Bxa6 Rxe7 25. Rc8+ Kb6
26. Bf1 Nb4 27. Rb8+ Ka5 28. Rb5+ Ka4 29. Rc5 exf4 30. Bb5+ Ka5 31. Bc4+ Kb6
32. Rb5+ Kc6 33. Rxb4 Kc5 34. Ra4 Re3 35. Bg8 1-0

[Event "2nd SCS Open"]
[Site "Bhubaneswar IND"]
[Date "2010.05.28"]
[Round "9"]
[White "Harutjunyan, G."]
[Black "Kokarev, Dm"]
[Result "0-1"]
[WhiteElo "2460"]
[BlackElo "2612"]
[PlyCount "56"]
[EventDate "2010.05.22"]

1. e4 c5 2. Nf3 d6 3. d4 cxd4 4. Nxd4 Nf6 5. Nc3 a6 6. Bg5 Nbd7 7. f4 Qc7 8.
Qf3 h6 9. Bh4 g5 10. fxg5 hxg5 11. Bxg5 Qc5 12. Be3 Ne5 13. Qe2 Neg4 14. Bg1
Bh6 15. a3 Qg5 16. Nf3 Qa5 17. Nd2 Be6 18. Bd4 Rc8 19. O-O-O Rc4 20. Bxf6 Nxf6
21. Kb1 Rxc3 22. bxc3 Qxa3 23. Nc4 Qxc3 24. Qd3 Nxe4 25. Qxe4 Qb4+ 26. Ka2 Bg7
27. Rd4 Bxd4 28. Qxd4 Rh5 0-1

[Event "ch-CRO Playoff"]
[Site "Zagreb CRO"]
[Date "2010.05.28"]
[Round "1"]
[White "Saric, Iv"]
[Black "Jankovic, A."]
[Result "0-1"]
[WhiteElo "2580"]
[BlackElo "2559"]
[PlyCount "104"]
[EventDate "2010.05.28"]

1. e4 c5 2. Nf3 d6 3. d4 cxd4 4. Nxd4 Nf6 5. Nc3 Nc6 6. Bg5 e6 7. Qd2 a6 8.
O-O-O Bd7 9. f4 b5 10. Bxf6 gxf6 11. Kb1 Qb6 12. Nxc6 Bxc6 13. Qe1 Ra7 14. f5
Qc5 15. Bd3 Rc7 16. Qh4 Be7 17. fxe6 fxe6 18. Rhf1 Qe5 19. Ne2 Bd8 20. Nf4 Rg7
21. Qh3 Bd7 22. Be2 O-O 23. Qa3 Bc8 24. g3 Bc7 25. Rfe1 Bb7 26. Qb3 Re8 27. a4
Ba5 28. axb5 Bxe1 29. bxa6 Qxe4 30. axb7 Rxb7 31. Bf3 Rxb3 32. Bxe4 Re3 33. Bc6
Rb8 34. Ng2 Bc3 35. Nxe3 Rxb2+ 36. Ka1 Rb6+ 37. Ka2 Rxc6 38. Kb3 d5 39. Rd3 Be5
40. c4 Rb6+ 41. Ka4 Rb2 42. cxd5 exd5 43. Rxd5 Rxh2 44. g4 Kf7 45. Kb4 Re2 46.
Nc4 Re4 47. Kb3 Kg6 48. Nxe5+ Rxe5 49. Rd4 Rc5 50. Rd8 h5 51. Kb4 Rc1 52. Rg8+
Kf7 0-1